MLB Stadiums That Haven't Hosted Any All-Star Games - Statistics

General Stats
  • This quiz has been taken 71 times
  • The average score is 4 of 5
Answer Stats
Urban Area Stadium % Correct
New York City Yankee Stadium
92%
Tampa Bay Tropicana Field
84%
Philadelphia Citizens Bank Park
80%
Atlanta Truist Park
75%
Dallas Globe Life Field
73%
No matching quizzes found
Score Distribution
Percent of People with Each Score
Percentile by Number Answered
Your Score History
You have not taken this quiz